Naturaleza 8 : (Registro nro. 7925)

Detalles MARC
000 -LIDER
fixed length control field 00806nam a2200265 u 4500
001 - NÚMERO DE CONTROL
Identificador de número de control 000020254
003 - IDENTIFICACDOR DE NÚMERO DE CONTROL
control field DO-SdBNP
005 - DATE AND TIME OF LATEST TRANSACTION
control field 20150619101202.0
008 - ELEMENTOS DE LONGITUD FIJA
fixed length control field 100802s2004 dr a r 000 0 spa d
020 ## - ISBN
International Standard Book Number 8482615378
040 ## - FUENTE DE CATALOGACIÓN
Agencia que crea de manera original el registro BPJMB
Idioma de catalogación spa
Agencia que realiza la transcripción BPJMB
092 ## - LOCALLY ASSIGNED DEWEY DECIMAL CALL NUMBER
Número de clasificación 372.357
Número de ítem (Cutter) G943d
245 00 - MENCIÓN DE TITULO
Título Naturaleza 8 :
Subtítulo guía didáctica /
Mención de responsabilidad Claudia Llibre, editora.
260 ## - PUBLICACIÓN, DISTRIBUCIÓN, ETC. (PIE DE IMPRENTA)
Lugar de publicación, distribución, etc Santo Domingo :
Nombre del editor, distribuidor, etc. Santillana,
Fecha de publicación, distribución, etc 2004.
300 ## - DESCRIPCIÓN FÍSICA
Extensión 183 p. :
Otros detalles físicos il. ;
Dimensiones 28 cm.
490 0# - MENCIÓN DE SERIES
Mención de serie Ambar
Volume/sequential designation 8
500 ## - NOTA GENERAL
Nota general Educación Básica
521 2# - TARGET AUDIENCE NOTE
Target audience note Para estudiantes de primaria
650 #4 - ENCABEZAMIENTO DE MATERIA--TEMÁTICO
Término temático o nombre geográfico como elemento de entrada CIENCIAS NATURALES
Subdivisión temática general ENSEÑANZA
Subdivisión geográfica REPÚBLICA DOMINICANA
700 1# - ASIENTO SECUNDARIO -- NOMBRE PERSONAL
Nombre personal Llibre, Claudia
Mención de responsabilidad ed.
830 #0 - ASIENTO SECUNDARIO DE SERIE--TÍTULO UNIFORME
Título uniforme Ambar
Volume number/sequential designation 8
942 ## - ADDED ENTRY ELEMENTS (KOHA)
Source of classification or shelving scheme Dewey Decimal Classification
Koha item type Libros
956 ## - LOCAL ELECTRONIC LOCATION AND ACCESS (OCLC)
Nombre de host YLOCKWARD
Número de acceso 10
Información de compresión 20100802
Inicio de sesión BND02
Procesador de solicitud 1217
956 ## - LOCAL ELECTRONIC LOCATION AND ACCESS (OCLC)
Nombre de host YLOCKWARD
Número de acceso 10
Información de compresión 20100806
Inicio de sesión BND01
Procesador de solicitud 1403

No hay ítems disponibles.